| 000 | 00678nam a2200217Ii 4500 | ||
|---|---|---|---|
| 001 | 7542 | ||
| 003 | CO-ViMGA | ||
| 008 | 241108s9999||||xx |||||||||||||| ||und|| | ||
| 020 | _a9586430006 | ||
| 040 |
_aCO-ViMGA _bspa _erda _cCO-ViMGA |
||
| 041 | 0 | _aunk | |
| 082 | 0 | 4 | _a986.105-S168a |
| 100 | 1 | _aFrancisco de Paula Santander | |
| 245 | 1 | 0 | _aAdministraciones de Santander 1820 - 1825 |
| 264 | 1 | _a[Lugar de publicación no identificado] : Fundación Francisco de Paula Santander, 1990 | |
| 300 | _avolumen | ||
| 336 |
_atext _btxt _2rdacontent |
||
| 337 |
_aunmediated _bn _2rdamedia |
||
| 338 |
_avolume _bnc _2rdacarrier |
||
| 940 | _aidficha_siabuc: 7368. -- ficha_no_siabuc:7542 | ||
| 999 |
_c51676 _d51676 |
||